This is my hair (Record no. 108230)
[ view plain ]
| 000 -LÍDER | |
|---|---|
| campo de controle de tamanho fixo | 00456 a2200193 4500 |
| 001 - NÚMERO DE CONTROLE | |
| campo de controle | 108230 |
| 020 ## - ISBN - INTERNATIONAL STANDARD BOOK NUMBER | |
| ISBN - International Standard Book Number | 1588246787 (electronic bk.) |
| 041 ## - CÓDIGO DE IDIOMA | |
| Código do idioma do texto/trilha sonora ou título diferente | por |
| 090 ## - NÚMERO DE CHAMADA LOCAL | |
| Número de chamada (OCLC) (R); Número de chamada, CALL (RLIN) (NR) | [E] |
| 040 ## - FONTE DA CATALOGAÇÃO | |
| Instituição da catalogação original | BR-BrIDEA |
| Instituição que transcreveu o registro | BR-BrIDEA |
| 100 ## - ENTRADA PRINCIPAL--NOME PESSOAL | |
| Nome pessoal | Parr, Todd. |
| 250 ## - EDIÇÃO | |
| Edição | 1st ed. |
| 245 10 - TÍTULO | |
| Título | This is my hair |
| Indicação de responsabilidade, etc. | Todd Parr |
| 260 ## - PUBLICAÇÃO, DISTRIBUIÇÃO, ETC. | |
| Local de publicação, distribuição, etc. | [S.l.] |
| Nome do editor, distribuidor, etc. | ipicturebooks.com |
| Data da publicação, distribuição, etc. | 2005 |
| 300 ## - DESCRIÇÃO FÍSICA | |
| Extensão | [24] p. |
| 697 ## - ENTRADA DE ASSUNTO LOCAL--ENTIDADE COLETIVA (RLIN) | |
| Nome corporativo ou nome da jurisdição | Hair - Fiction. |
| 856 ## - LOCALIZAÇÃO ELETRÔNICA E ACESSO | |
| Uniform Resource Identifier | <a href="000017/0000179e.jpg">000017/0000179e.jpg</a> |
| 942 ## - ELEMENTOS DE ENTRADA ADICIONADOS (KOHA) | |
| Tipo de material Koha | E-BOOK |
| Situação do descarte | Situação das perdas | Fonte da classificação ou esquema de arquivamento na estante | Situação física | Não pode ser emprestado | Biblioteca de origem | Biblioteca atual | Data de aquisição | Total de empréstimos | Código de barras | Data de último acesso | Data do preço efetivo | Tipo de material Koha |
|---|---|---|---|---|---|---|---|---|---|---|---|---|
| Classificação Decimal de Dewey | ECB - SUDOESTE | ECB - SUDOESTE | 16/10/2014 | 00044633SSW | 23/01/2024 | 23/01/2024 | E-BOOK |